Detalles MARC
| 000 -LEADER |
| fixed length control field |
03578nam a22003017a 4500 |
| 003 - CONTROL NUMBER IDENTIFIER |
| control field |
DO-SdBNP |
| 005 - DATE AND TIME OF LATEST TRANSACTION |
| control field |
20211025080232.0 |
| 007 - PHYSICAL DESCRIPTION FIXED FIELD--GENERAL INFORMATION |
| fixed length control field |
ta |
| 008 - FIXED-LENGTH DATA ELEMENTS--GENERAL INFORMATION |
| fixed length control field |
210915b2019 dr 00| 0 spa d |
| 020 ## - INTERNATIONAL STANDARD BOOK NUMBER |
| International Standard Book Number |
9789945917345 |
| 040 ## - CATALOGING SOURCE |
| Original cataloging agency |
DO-SdBNP |
| Language of cataloging |
spa |
| Transcribing agency |
BPMSU |
| 082 ## - DEWEY DECIMAL CLASSIFICATION NUMBER |
| Classification number |
362.11 |
| Item number |
J61 h 2019 |
| Edition number |
22 |
| 100 1# - MAIN ENTRY--PERSONAL NAME |
| Personal name |
Jiménez Olavarrieta, José de Jesús, |
| Dates associated with a name |
1937- |
| 245 10 - TITLE STATEMENT |
| Title |
Hospital José María Cabral y Báez : |
| Remainder of title |
trabajos del Dr. José de Jesús Jiménez Olavarrieta / |
| Statement of responsibility, etc. |
José de Jesús Jiménez Olavarrieta ; compilación y edición Piero Espinal Estévez. |
| 260 ## - PUBLICATION, DISTRIBUTION, ETC. (IMPRINT) |
| Place of publication, distribution, etc. |
San José de las Matas, República Dominicana : |
| Name of publisher, distributor, etc. |
Opus, |
| Date of publication, distribution, etc. |
2019. |
| 300 ## - PHYSICAL DESCRIPTION |
| Extent |
275 p. : |
| Other physical details |
il., retrs. ; |
| Dimensions |
23 cm. |
| 500 ## - GENERAL NOTE |
| General note |
Incluye datos biográficos del autor en la solapa de la cubierta. |
| 500 ## - GENERAL NOTE |
| General note |
Incluye bibliografía al final de los capítulos. |
| 505 0# - FORMATTED CONTENTS NOTE |
| Formatted contents note |
Introducción, 5.-- Hospital San Rafael, 9.-- Datos históricos sobre el primer hospital José María Cabral y Báez, 11.--Datos históricos sobre el nuevo Hospital Regional Universitario José María Cabral y Báez, 16.-- Nacimiento de la Asociación Médica de Santiago, 24.-- Datos históricos sobre la cardiología en Santiago, 27.-- Evolución de la medicina en Santiago en parte del siglo XX, 34.-- Casos clínicos, 56.-- Anhidrosis unilateral, 58.-- Amiotrofia espinal progresiva, 61.-- Amiotrofia espinal progresiva de Aran-Duchenne, 64.-- Ataxia telangectasia, 70.-- Aneurisma cerebral más coartación de la aorta, 76.-- Angiomatosis encefalotrigeminal de Sturge-Weber, 80.-- Enfermedad de ainhum (dactilolisis espontánea), 86.-- Atetosis doble, 92.-- Amiotrofia espinal progresiva tipo escapulo-humeral de Vulpian-Bernhard, 95.-- Proposición de un nuevo sucedáneo del signo de Babinski, 101.-- Un signo clínico a proponer: la barra ascítica, 105.-- Blefaroptosis, 109.-- Compresión del nervio cubital por un plexo venoso, 118.-- Craneostenosis, 121.-- Enfermedad de Charcot-Marie Tooth, 127.-- Distrofia muscular progresiva, 138.-- Distrofia muscular progresiva tipo escapulohumeral de Landouzy-Dejerine, 141.-- Mi caso, 146.-- Pieza dental de uno se aloja en seno frontal de otro, 150.-- Síndrome de Ehlers-Danlos, 153.-- Esclerosis tuberosa cerebral o enfermedad de Bourneville, 159.-- Esclerosis lateral amiotrófica, 167.-- Ataxia de Friedriech, 179.-- Síndrome de Garcin-Guillian, 185.-- Hematidrosis, 191.-- Síndrome de Ramsay-Hunt, 197.-- Leuconiquia, 205.-- Síndrome de Melkersson-Rosenthal, 209.-- Miotonía congénita de Thomsen, 214.-- Neuralgia del glosofaríngeo o síndrome de Wilfred Harris, 219.-- Neurofibromatosis de von Recklinghausen, 224.-- Osteogénesis imperfecta, 231.-- Síndrome de Pickwickian (síndrome de hipoventilación), 237.-- Paraplejia espástica tropical, 241.-- Síndrome de Peutz-Jeghers, 244.-- Rigidez arteriosclerótica de Förster, 247.-- Síndrome talámico de Dejerine-Roussy, 255.-- Tricoepitelioma familiar múltiple, 257.-- Síndrome obstructivo de la arteria cerebelosa posterior inferior o síndrome de Wallenberg, 261.-- Micromelia, 266.-- Síndrome de Marfan, 269. |
| 590 ## - LOCAL NOTE (RLIN) |
| Local note |
Inventariado, 2021/VM<br/> |
| 610 14 - SUBJECT ADDED ENTRY--CORPORATE NAME |
| Corporate name or jurisdiction name as entry element |
Hospital José María Cabral y Báez |
| Geographic subdivision |
Santiago de los Caballeros (República Dominicana) |
| General subdivision |
Historia |
| 650 #4 - SUBJECT ADDED ENTRY--TOPICAL TERM |
| Topical term or geographic name as entry element |
Administración hospitalaria |
| Geographic subdivision |
Santiago de los Caballeros (República Dominicana) |
| 650 #4 - SUBJECT ADDED ENTRY--TOPICAL TERM |
| Topical term or geographic name as entry element |
Salud pública |
| Geographic subdivision |
Santiago de los Caballeros (República Dominicana) |
| 650 #4 - SUBJECT ADDED ENTRY--TOPICAL TERM |
| Topical term or geographic name as entry element |
Enfermedades congénitas |
| Form subdivision |
Estudio de casos |
| 700 1# - ADDED ENTRY--PERSONAL NAME |
| Personal name |
Espinal Estévez, Piero, |
| Dates associated with a name |
1974- |
| Relator term |
compilador |
| 910 ## - USER-OPTION DATA (OCLC) |
| User-option data |
VMateo V. |
| 942 ## - ADDED ENTRY ELEMENTS (KOHA) |
| Source of classification or shelving scheme |
Dewey Decimal Classification |
| Koha item type |
Libros |